000 01177nam a2200277Ia 4500
003 OSt
005 20221005110333.0
006 a|||||r|||| 00| 0
007 ta
008 221004b |||||||| |||| 00| 0 hin d
020 _a9788179756416 (hbk)
_cINR 900.00
024 _a42532
037 _b57, 20/02/2019, Mallika Books
_cTextual
040 _aCRL
_cCRL
_bhin
041 _2hin
_ahin
082 _aO152,3(Y5927):g, Q8
100 _aकाजल, अजमेर सिंह, ले.
245 0 _aदलित आत्मकथाएं
_b वेदना, विद्रोह और सांस्कृतिक रूपांतरण
246 _aDalit ātmakathāean: vedanā, vidroh aur sāanskṛutik rūpāantaraṇa
260 _aनई दिल्ली
_bअनामिका पब्लिशर्स भारत
_c2018
300 _a302पृ0
_ccm.
650 _a हिन्दी साहित्य
650 _aहिन्दी कहानी
942 _hO152,3(Y5927):g, Q8
_cTEXL
_2cc
999 _c1018487
_d1018487